000 00400nam a22001457a 4500
003 SGT
082 _a617.3
100 _aSIDHU, MAHIPAL SINGH
245 _aTo study the efficacy of intraarticular platelet rich plasma in management of adhesive capsulitis of shoulder joint
260 _aGURUGRAM
_bSGT UNIVERSITY
_c2023
300 _a66
650 _aORTHOPAEDIC
653 _aM.S
942 _2ddc
_cTH
999 _c26529
_d26529